Loading...
| Science - Chemistry | 1 | 2 | 1 | 1 | 30 | 48 | 88.33 | 2 | 3 | 0.00 | 0.00 |
| Literature - Long Fiction | 0 | 2 | 0 | 0 | 20 | 115 | 115.00 | 1 | 2 | 0.00 | 0.00 |
| Other Academic | 0 | 2 | 0 | 0 | 20 | 87 | 104.00 | 1 | 2 | 0.00 | 0.00 |
| Mythology | 0 | 2 | 1 | 1 | 15 | 107 | 126.00 | 0 | 2 | 21.43 | 20.00 |
| Current Events | 0 | 1 | 0 | 0 | 10 | 104 | 104.00 | 0 | 1 | 0.00 | 0.00 |
| Fine Arts - Classical Music | 0 | 1 | 0 | 0 | 10 | 112 | 112.00 | 1 | 1 | 0.00 | 0.00 |
| History - World | 0 | 1 | 0 | 0 | 10 | 107 | 107.00 | 0 | 1 | 0.00 | 0.00 |
| Literature - Drama | 0 | 1 | 0 | 0 | 10 | 101 | 101.00 | 1 | 1 | 0.00 | 0.00 |
| Religion | 0 | 1 | 0 | 0 | 10 | 130 | 130.00 | 0 | 1 | 6.06 | 16.67 |
| Social Science | 0 | 1 | 1 | 0 | 5 | 126 | 126.00 | 0 | 1 | 0.00 | 0.00 |
| Fine Arts - Other | 0 | 1 | 1 | 0 | 5 | 154 | 154.00 | 0 | 1 | 0.00 | 0.00 |
| Science - Biology | 0 | 2 | 4 | 1 | 0 | 103 | 120.50 | 1 | 2 | 0.00 | 0.00 |
| History - Other | 0 | 0 | 0 | 0 | 0 | 0.00 | 0 | 0 | 0.00 | 0.00 | |
| Fine Arts - Painting and Sculpture | 0 | 0 | 0 | 0 | 0 | 0.00 | 0 | 0 | 0.00 | 0.00 | |
| Science - Physics | 0 | 0 | 0 | 0 | 0 | 0.00 | 0 | 0 | 0.34 | 14.29 | |
| Short Fiction and Other | 0 | 1 | 2 | 0 | 0 | 122 | 122.00 | 0 | 1 | 0.00 | 0.00 |
| Science - Other | 0 | 0 | 1 | 0 | -5 | 0.00 | 0 | 0 | 1.38 | 3.57 | |
| History - American | 0 | 0 | 1 | 0 | -5 | 0.00 | 0 | 0 | 0.00 | 0.00 |